Jidin Sengal (Record no. 167028)

MARC details
000 -LEADER
fixed length control field 00515ngm a2200193 i 4500
001 - CONTROL NUMBER
control field C2-0318639
003 - CONTROL NUMBER IDENTIFIER
control field PPAK
005 - DATE AND TIME OF LATEST TRANSACTION
control field 20180727221251.0
008 - FIXED-LENGTH DATA ELEMENTS--GENERAL INFORMATION
fixed length control field 121014s2012 my |||| ||||| | vlmay d
040 ## - CATALOGING SOURCE
Original cataloging agency PPAK
Language of cataloging eng
Transcribing agency PPAK
Description conventions rda
245 00 - TITLE STATEMENT
Title Jidin Sengal
264 #1 - PRODUCTION, PUBLICATION, DISTRIBUTION, MANUFACTURE, AND COPYRIGHT NOTICE
Place of production, publication, distribution, manufacture Kuala Lumpur :
Name of producer, publisher, distributor, manufacturer Golden Satellite Distribution ,
Date of production, publication, distribution, manufacture, or copyright notice 2012
336 ## - CONTENT TYPE
Source rdacontent
Content type term text
337 ## - MEDIA TYPE
Source rdamedia
Media type term unmediated
338 ## - CARRIER TYPE
Source rdacarrier
Carrier type term volume
700 ## - ADDED ENTRY--PERSONAL NAME
Relator term author
Personal name Esmi Zahara Yusof,
Relator term compile
942 ## - ADDED ENTRY ELEMENTS (KOHA)
Source of classification or shelving scheme Dewey Decimal Classification
Koha item type Digital Video Disc
Holdings
Withdrawn status Lost status Source of classification or shelving scheme Damaged status Not for loan Home library Current library Shelving location Date acquired Source of acquisition Cost, normal purchase price Total Checkouts Full call number Barcode Date last seen Date last checked out Cost, replacement price Price effective from Koha item type
    Dewey Decimal Classification     Perpustakaan Alor Setar Perpustakaan Alor Setar Pinjaman Dewasa 05/11/2012 TREEQ 21.90 1 791.43 JID A00361885 07/08/2018 05/08/2018 21.90 05/07/2018 Digital Video Disc
    Dewey Decimal Classification     Perpustakaan Alor Setar Perpustakaan Alor Setar Pinjaman Dewasa 05/11/2012 TREEQ 21.90   791.43 JID A00361886 05/07/2018   21.90 05/07/2018 Digital Video Disc